[Event "41. Olympiad Tromso 2014 "]
[Site "TromsÅ™"]
[Date "2014.08.14"]
[Round "11"]
[White "Laznicka, Viktor"]
[Black "Sargissian, Gabriel"]
[Result "0-1"]
[WhiteElo "2676"]
[BlackElo "2686"]
[EventDate "2014.??.??"]
[PlyCount "142"]
[EventCountry "NOR"]
[WhiteTeam "Czech Republic"]
[BlackTeam "Armenia"]
[WhiteTeamCountry "CZE"]
[BlackTeamCountry "ARM"]

1. f4 {Mám sice Holandsko, HolanÄ�any, holanÄ�any i holandskou docela 
rád, stejnÄ› ale vÄ›Å™ím, Å¾e na ty, kteÅ™í do ní lezou prvním tahem, 
mají v pekle pÅ™ipravené poÅ™ádnÄ› Å¾havé místo :)} 1. ... d5 2. d3 Nf6 3.
 Nf3 g6 4. Nbd2 Ng4!? {Malý taneÄ�ek na úvod, vÅ¡e v mezích sluÅ¡ného 
chování.} 5. Nb3 Bg7 6. c3 h5 7. Qc2 Nc6 {TÄ›Å¾ko nÄ›co Å™íci k 
zahájení, hlavnÄ› nic nenastavit, neudÄ›lat si slabiny, zkrátka nepokazit 
a hrajeme.} 8. e4 {Taky nÄ›jaký tah do centra...} 8. ... b6 9. h3 Nh6 10. 
Be3 Bb7 11. O-O-O Qd7 12. g3 O-O-O 13. Bg2 {SeÄ�teno a podtrÅ¾eno, máme po
tvoÅ™ivém zahájení a na desce stojí relativnÄ› normální pozice. OsobnÄ› 
bych bral pÅ™eci jen radÅ¡i bílé, tanec Jg4+h5, Jh6 nebyl z tÄ›ch 
nejpovedenÄ›jÅ¡ích, ale bílý taky nehrál dvakrát agresivnÄ›, Ä�ernému se 
Å¾ádné kÅ™ivdy nedÄ›jí.} 13. ... Kb8 {Uhýbá ze vÅ¡ech hrozeb, které se 
nikdy v partii neobjevily, ale co kdyby.} 14. Rhe1 e6 {Co s Ä�ernou 
pozicí, to je vcelku jasné. Jh6 stojí zle, je tÅ™eba jej nÄ›kam 
pÅ™elavírovat. Zato bílý musí rychle vymyslet, jak bude pozici otevírat. 
ViktorÅ¯v plán se ukázal být neúÄ�inným, arménský sok pozici stihnul 
stabilizovat.} 15. Bf2 ( {Navrhoval bych} 15. a3!? {s myÅ¡lenkou na} 
15. ... f6 {okamÅ¾itÄ› nastoupit} 16. c4 {Tento plán není aÅ¾ takový 
tempoÅ¾rout jako jeho zdlouhavý kolega uskuteÄ�nÄ›ný v partii, bílý by 
mohl stát trochu lépe.} ) 15. ... f6 16. d4 Ne7 {PÅ™ed manévrem Jh6 je 
tÅ™eba pokrýt slabinku g6.} 17. Nbd2 Nf7 18. c4 dxc4 19. Nxc4 {Å achy jsou
vskutku tragédie jednoho tempa, bílý na tahu by napálil d4-d5. Ale na tahu
je Ä�erný...} 19. ... Nd6 20. Bf1?! {Nezdá se mi, Å¾e by stÅ™elec na g2 
stál kdovíjak katastrofálnÄ›, vÅ¾dyÅ¥ z f1 nekryje ani e4, ani f3. Sf1 
nevypadá zdravÄ› a taky Å¾e zdravé není, lepÅ¡í bylo udrÅ¾ovat napÄ›tí.} (
20. Kb1 f5? {(ilustrativnÄ›)} 21. Nfe5 Qe8 22. d5 â†‘ {ukazuje sílu 
bÄ›lopolného stÅ™elce na g2} ) 20. ... f5! {Jednoduché a prosté, 
maximálnÄ› efektivní blokáda.} ( {MyÅ¡lenka byla pravdÄ›podobnÄ› po} 
20. ... Nxc4 {mít braní stÅ™elcem} 21. Bxc4 {a po} 21. ... f5 22. Ng5 {, 
to samé ale funguje i s dámou na c4 po tahu 20. Kb1.} ) 21. Nce5 Qc8 ( {
Pochybuji, Å¾e náÅ¡ hráÄ� poÄ�ítal se ziskem kvality, kdyÅ¾ ani po} 
21. ... Qe8 22. exf5 gxf5 23. Ng5 Bd5 {vÄ›ru dobÅ™e nestojí.} ) 22. exf5 
gxf5 23. Ng5 Bxe5! {Krásná poziÄ�ní myÅ¡lenka!} 24. fxe5 Ne4 25. Nf7 Nd5 
26. a3 Rhg8 27. Nxd8 Qxd8 {VyslovenÄ› nechutná pozice. ChtÄ›lo by to 
obÄ›tovat kvalitu zpÄ›t na e4, ale ani to nejde...} 28. Kb1 Qg5? {PÄ›Å¡ec 
je pÅ™eci pÄ›Å¡ec, co víc by chtÄ›l Ä�erný s jezdcem e4 podniknout?} ( {
PÅ™irozenÄ› vypadá} 28. ... Nxg3 {, kdy bílý ani nechce jezdce vymÄ›nit.} 
29. Bc4 ( 29. Bxg3 Rxg3 30. Qd2 f4 -/+ {je velmi zlé, h3 bude vÅ¾dy viset}
) 29. ... h4 =/& {s parádní pozicí} ) 29. h4 Qg6 30. Bd3 a5 31. Rg1 Ka7 
32. Rde1 Ba6 33. Bxa6 Kxa6 34. Be3 Qe8 35. Bc1? {Kolaps i na druhé 
foÅ¡nÄ›. ProÄ� dávat pÄ›Å¡ce zadarmo?} ( {PÅ™ímo jako nutnost vypadá} 35. 
Bf4 Rg4 36. Ref1 Qb5 ( 36. ... Qg6 {moc nepomÅ¯Å¾e, protoÅ¾e} 37. Rc1 Qg7 
38. Qc6 {je spousta protihry} ) 37. Rf3 {a drÅ¾et a drÅ¾et a drÅ¾et.} ) 
35. ... Rg4 36. Ref1 Nxg3 37. Rf3 Ne4 -/+ {První vlaÅ¡tovka a dalÅ¡í budou
následovat, zbytek je jen dobíjení neviÅˆátek. Podobné pozice se 
straÅ¡livÄ› Å¡patnÄ› brání za slabÅ¡í stranu a straÅ¡livÄ› snadno hrají za
stranu silnÄ›jÅ¡í. KomentáÅ™e není tÅ™eba, sledujte bezchybnou (urÄ�itÄ› 
to Å¡lo nÄ›kde zahrát lépe, dobrá, Å™eknÄ›me, "bezpeÄ�nou") techniku 
arménského velmistra.} 38. Rh1 Kb7 39. Ka2 a4 40. Rh2 Qb5 41. Rh1 Ne7 42. 
Ka1 Qd5 43. Rd1 Rxh4 44. Rf4 Rg4 45. Qxa4 Nc6 46. Rxg4 hxg4 47. Be3 f4 48.
 Bxf4 b5 49. Qc2 Nxd4 50. Rxd4 Qxd4 51. Qe2 b4 52. axb4 Nf2 53. Qb5+ Qb6 
54. Qd7 Qa6+ 55. Kb1 Qd3+ 56. Qxd3 Nxd3 57. Bg3 Nxb4 -+ {Toto uÅ¾ je 
bezpeÄ�nÄ› pryÄ�.} 58. Kc1 Kc6 59. Kd2 Kd5 60. Ke3 Nc6 61. Kf4 Nxe5 62. b3
c5 63. Bh2 Nf3 64. Bg3 Nd4 65. Kxg4 Nxb3 66. Kf4 Nd4 67. Bf2 e5+ 68. Ke3 
Nf5+ 69. Kd3 e4+ 70. Kc3 e3 71. Bg1 c4 0-1

[Event "41. Olympiad Tromso 2014 "]
[Site "TromsÅ™"]
[Date "2014.08.14"]
[Round "11"]
[White "Aronian, Levon"]
[Black "Navara, David"]
[Result "1-0"]
[WhiteElo "2805"]
[BlackElo "2716"]
[EventDate "2014.??.??"]
[PlyCount "53"]
[EventCountry "NOR"]
[WhiteTeam "Armenia"]
[BlackTeam "Czech Republic"]
[WhiteTeamCountry "ARM"]
[BlackTeamCountry "CZE"]

1. d4 d5 2. c4 c6 3. cxd5 {Vida, Levon Aronian má z naÅ¡í jedniÄ�ky po 
jejich minulém utkání zaslouÅ¾ený respekt a jde urvat remízu.} 3. ... cxd5
4. Nc3 Nf6 5. Bf4 Nc6 6. e3 Bf5 ( {PasivnÄ›jÅ¡í alternativou je} 6. ... e6
{, které má také velmi solidní výsledky.} ) 7. Qb3 {Nu, moÅ¾ná se bílý 
rozhodl, Å¾e to jeÅ¡tÄ› chvíli zkusí.} ( {ÄŒastÄ›jÅ¡í je} 7. Nf3 e6 {a kdo
alespoÅˆ jednou za Å¾ivot po tazích} 8. Bd3 Bxd3 9. Qxd3 Bd6 10. Bxd6 Qxd6
11. O-O O-O 12. Rfc1 Rfc8 {nedal za remízu, není právoplatným Å¡achistou. 
A, ano, vím, databáze Å™íká jen to, Å¾e David Navara je výjimkou.} ) 
7. ... Na5 8. Qa4+ Bd7 9. Qc2 e6 10. Nf3 Be7 11. Bd3 Nc6 12. a3 Nh5 {
Partie má stále logický prÅ¯bÄ›h, Ä�ernému by bodlo nÄ›jakou tu figurku 
vymÄ›nit.} ( {Tah "rukou"} 12. ... O-O {nechává Ä�erného po} 13. O-O {v 
docela nepÅ™íjemné situaci, kdy má ménÄ› prostoru a nemá, kam figury 
postavit.} 13. ... Rc8 ( 13. ... Nh5 14. Bxh7+ {není to pravé oÅ™echové} )
14. Rac1 h6 15. h3 {A navrhnout jakýkoliv (i nerozumný) plán za Ä�erného 
je obtíÅ¾né. Bílý si nachystá nástup na dámském kÅ™ídle a Ä�erný jen 
sleduje.} ) 13. Be5 {Provokuje oslabení.} 13. ... f6 14. Bf4!? {
Pozoruhodná strategická myÅ¡lenka, bílý si sice nechá rozbít pÄ›Å¡ce, ale 
zato si zlepÅ¡í kontrolu centra a otevÅ™e sloupec.} ( {Ortodoxní} 14. Bg3 
{je ovÅ¡emÅ¾e dobré, ale z asymetrických pozic se body tÄ›Å¾í lépe.} ) 
14. ... Rc8 15. h3 {MoÅ¾ná ne úplnÄ› nezbytný tah, protoÅ¾e to vypadá, Å¾e
na f4 Ä�erný dobere tak Ä�i onak, ale aspoÅˆ se situace trochu vyjasní.} (
{Varianta} 15. O-O g5 16. Bg3 Nxg3 17. fxg3! += {nevypadá aÅ¾ tak 
dÄ›suplnÄ›. ÄŒerný monarcha nemÅ¯Å¾e ani roÅ¡ovat, ani poodejít na f7.} ) 
15. ... Nxf4 16. exf4 Qb6 17. Rd1 f5 ( {KompaktnÄ›jÅ¡í} 17. ... g6 {dává 
bílému útoÄ�ný cíl.} 18. h4 Kf7 19. h5 ) 18. Bb5 Bd6 19. g3 Na5?! {
ParadoxnÄ› tento tah "podle uÄ�ebnice" je poÄ�átkem problémÅ¯. BÄ›lopolný 
stÅ™elec Ä�erného je sice opticky hloupá figura, ale hlídá dÅ¯leÅ¾itá pole
- kryje bod e6, které se jeÅ¡tÄ› dá bezpeÄ�nÄ› krýt králem a vÄ›Å¾í, ale 
zejména má pod kontrolou pole a4, pÅ™es které bílý jezdec proskoÄ�í 
dopÅ™edu.} ( {LepÅ¡í byla} 19. ... O-O {. KdyÅ¾ se nad pozicí zamyslíte, 
rozdíl v bÄ›lopolných stÅ™elcích není aÅ¾ TAK velký, Ä�erný je sice omezen
svými pÄ›Å¡ci, bílý se ale pÅ™es granit d5-e6-f5 také neprorve.} 20. O-O 
a6 21. Bxc6 ( 21. Ba4 Qc7 {a hrozí ...b5, Ä�ili bílý i tak musí na c6 
sebrat.} ) 21. ... Qxc6 {a pozice je zhruba v rovnováze. ÄŒerný má jasný 
plán postoupit pÄ›Å¡ci dámského kÅ™ídla, Jc3 nemá kudy kam a Jf3 bude na 
e5 seÅ¾rán.} 22. Rfe1 b5 23. Ne5 Bxe5 24. Rxe5 Qb6 25. Qd2 b4 ~ ) 20. 
Bxd7+ Kxd7 21. O-O Rhe8?! {JeÅ¡tÄ› jeden Å¡ablonovitý tah.} ( {Manévr} 
21. ... Qb3 22. Qe2 Nc4 {omezuje bílé figurky, které budou potÅ™ebovat 
trochu Ä�asu, aby Ä�erného zatlaÄ�ily zpÄ›t.} 23. Rb1 Rhe8 24. Rfd1 {
PÅ™ijde Vd3, dáma bude muset ustoupit na b6 a bílý si zachová 
výhodnÄ›jÅ¡í pozici, ale není to nic straÅ¡ného.} ) 22. Rd3! {Nenápadné a 
zároveÅˆ velmi silné posunutí vÄ›Å¾e, jeÅ¾ plnÄ› vystihuje anglické 
slovíÄ�ko "classy", vÄ›Å¾ bere pod kontrolu pole b3 a pÅ™ipravuje se na...
zdvojení!} 22. ... Nc4 23. Na4 Qc6 24. Rc3 b5?? {Mazaní Arméni namazali 
pÅ™ed partií i Å¡achovnice a pÄ›Å¡ec doklouzal o políÄ�ko dále, neÅ¾ mÄ›l.
} ( {Nutno Å™íci, Å¾e ani} 24. ... b6 25. Rc1 Qb5 ( 25. ... Qb7 26. Qe2 {
je pozice blízká bleskovému kolapsu, hrozí skok jezdce na g5 s dalÅ¡ím b3 
a dobytím e6} 26. ... h6 27. Nh4 {a teÄ� to bude pÅ™es g6, navíc se po 
podobné trase otevírá cesta pro dámu.} ) 26. Ne5+! {(Výhoda dvojice 
jezdcÅ¯, jednoho mÅ¯Å¾ete vÅ¾dy vymÄ›nit!)} 26. ... Bxe5 27. dxe5 Rc6 28. 
Qd1! Rec8 29. b3 Na5 30. Qh5 {není Å¾ádné medulízání.} ) 25. Nc5+ +- {
Opona, gong.} 25. ... Bxc5 ( {prohrává také} 25. ... Ke7 26. Re1 Bxc5 27. 
dxc5 +- {a Jd4} ) 26. Rxc4 bxc4 27. Ne5+ 1-0

[Event "41. Olympiad Tromso 2014 Open"]
[Site "TromsÃÂ¸"]
[Date "2014.08.14"]
[Round "11"]
[White "Duda, Jan-Krzysztof"]
[Black "Yu, Yangyi"]
[Result "0-1"]
[WhiteElo "2576"]
[BlackElo "2668"]
[EventDate "2014.??.??"]
[PlyCount "116"]
[EventCountry "NOR"]
[WhiteTeam "Poland"]
[BlackTeam "China"]
[WhiteTeamCountry "POL"]
[BlackTeamCountry "CHN"]

1. e4 c5 2. Nf3 d6 3. d4 cxd4 4. Nxd4 Nf6 5. Nc3 a6 6. Be2 e5 7. Nb3 Be7 
8. Bg5 Be6 9. Bxf6 Bxf6 10. Qd3 O-O 11. O-O-O Be7 12. Kb1 Nd7 13. Nd5 Bxd5
14. Qxd5 {Basically the end of the opening and one has to ask what Duda 
had in mind when reaching this position. White's only advantage in this 
position is his hold over d5, but with the knight's bad position on b3 and
no other real possibilities it doesn't seem like Black is in any kind of 
problems.} 14. ... b5 15. Qb7 {The computer move; but a strange one. The 
queen is just too lonely in her queenside aggression.} 15. ... Nf6 16. f3 
Re8 17. c4?! {This move is too optimistic.} ( 17. Rd2 =, quiet Bf8 18. 
Rhd1 ) 17. ... Bf8! {White doesn't have time to go pawn hunting!} 18. Qc6 
( 18. cxb5 {gets the queen trapped.} 18. ... Re7 19. Qc6 Rc7 20. Qb6 Rc1+ 
-+ ) ( 18. c5 {was the lesser evil.} 18. ... Re7 19. Qb6 Qxb6 20. cxb6 Rb7
=+ {but of course here Black is just up a pawn.} ) 18. ... Qb8 19. Na5 ( 
19. cxb5 Rc8 -+ ) 19. ... Qa7! {Very powerful. The queen is trying to 
escape from b8 so that the queen on c6 remains trapped.} 20. c5 ( 20. Qb7 
Qf2 21. Bd3 Reb8 22. Qc6 Rc8 23. Qb7 Rab8 -+ ) 20. ... dxc5 21. Qb7 c4 22.
 Qxa7 Rxa7 {Now Black is basically just up a pawn, but more than that the 
knight on a5 is in trouble.} 23. Rc1 Rc7 {controlling c6.} 24. Nb3 Rd7 25.
 Na1 Rd2 26. Rc2 Red8 27. b3 c3! {White's position is hopeless. The only 
way to get rid of the rook on d2 is to take on that square and give Black 
a superb passed pawn.} 28. a4 bxa4 29. Bxa6 a3 30. Bb5 h5 31. h4 g6 32. 
Re1 Bb4 33. Rec1 Kg7 34. Ka2 Ng8 {Black can clearly take all the im in the
world that he wants.} 35. Rxd2 Rxd2+ 36. Rc2 Ne7 37. Rxd2 cxd2 38. Be2 Nc6
( 38. ... g5 39. hxg5 h4 {with Ng6 and Nf4 coming was also winning.} ) 39.
 Nc2 Nd4 {not necessary but the opposite colored bishop endgame is 
hopeless as White's king is completely locked in.} 40. Nxd4 exd4 41. f4 d3
42. Bf3 {Duda,J (2576)-Yu,Y (2668) TromsÃÂ¸ 2014 [Robot 11]} 42. ... Kf6 
43. g4 hxg4 44. Bxg4 Ke7 45. e5 Kd8 46. f5 gxf5 47. Bd1 Ke7 48. h5 Kf8 49.
 Bf3 Kg7 50. Bd1 Kh6 51. Bf3 Kg5 52. Bd1 f4 53. Kb1 Kf5 54. Bf3 Kxe5 55. 
Ka2 Bf8 56. h6 Kf6 57. Bh5 Bb4 58. Kb1 f3 {Clinches the gold medal for 
China!} 0-1

[Event "41st Olympiad Tromso 2014 women"]
[Site "TromsÅ™"]
[Date "2014.08.14"]
[Round "11"]
[White "Abdumalik, Zhansaya"]
[Black "Sikorova, Olga"]
[Result "1-0"]
[WhiteElo "2333"]
[BlackElo "2289"]
[EventDate "2014.??.??"]
[PlyCount "111"]
[EventCountry "NOR"]
[WhiteTeam "Kasachstan"]
[BlackTeam "Tschechien"]
[WhiteTeamCountry "KAZ"]
[BlackTeamCountry "CZE"]

1. e4 c5 2. Nf3 Nf6 3. Nc3 Nc6 4. d4 d5 5. exd5 Nxd5 6. Ne4 cxd4 7. Nxd4 
Ndb4 8. Nxc6 Qxd1+ 9. Kxd1 Nxc6 10. c3 f5 11. Ng3 Bd7 12. Bd3 O-O-O 13. 
Kc2 g6 14. Re1 h6 15. a4 e5 16. f3 Be6 17. a5 Bg7 18. Nf1 Bb3+ 19. Kxb3 
Rxd3 20. Kc2 Rhd8 21. Ne3 h5 22. Nc4 Bf6 23. Be3 g5 24. h3 Kc7 25. Bg1 {
Olga Sikorová po pÅ™ekvápku v zahájení aspirovala na výhodu, ale výraznÄ› 
své soupeÅ™ce ulehÄ�ila obranu výmÄ›nou bÄ›lopolných stÅ™elcÅ¯ a pozice se
vyrovnala. PÅ™ichází Ä�as Ä�asovek.} 25. ... R8d5? 26. Re2? {Dvojchyba, 
jedeme dál.} ( 26. Re3! {není aÅ¾ tak tÄ›Å¾ký úder.} 26. ... Rxe3 27. Nxe3
{a padá materiál, s nejvÄ›tÅ¡í pravdÄ›podobností koneÄ�ná.} 27. ... Rc5 ( 
27. ... Rxa5 28. Rxa5 Nxa5 29. Nd5+ +- ) ( 27. ... Rb5 28. Rd1 Be7 29. 
Nxf5 Rxa5 30. Be3 +/- ) 28. Ng4 Rxa5 29. Rxa5 hxg4 30. Ra1 +/- ) 26. ... 
Rd7 27. a6 b6? {A tato chyba jiÅ¾ bude potrestána.} ( {Nic neztrácí a 
zhruba vyrovnanou pozici udrÅ¾uje} 27. ... b5 ) 28. Nxb6 ( {JeÅ¡tÄ› 
lepÅ¡í je} 28. Bxb6+! axb6 29. a7 Nxa7 30. Rxa7+ Kc6 31. Ra6 Kb5 32. Rxb6+
Kxc4 33. Rxf6 +- ) 28. ... axb6 29. a7 Nxa7 30. Rxa7+ Kc6 31. Ra6 Bd8 32. 
Bd4 e4 33. fxe4 fxe4 34. Rxe4 Rg3 35. Re2 {Forsírovaná pasáÅ¾ skonÄ�ila a 
i vzniklá koncovka s pÄ›Å¡cem ménÄ› je extrémnÄ› nepÅ™íjemná.} 35. ... g4 
36. hxg4 Rxg4 37. b4 Kb7 38. Ra2 Rd6 39. Rf2 Rgg6 40. Rf7+ ( {JeÅ¡tÄ› 
lépe vypadá kruté a nelidské} 40. Kb3! {s myÅ¡lenkou} 40. ... Bf6 41. b5! 
Bxd4 42. Rf7+ Kb8 43. Rf8+ Kb7 44. Rfa8! +- {a matem dalÅ¡ím tahem} ) 
40. ... Kc6 41. Kb3 Bf6 42. Bxf6 Rdxf6 43. Rh7 Rf5 44. Raa7 Kd5 45. Rhe7 
Re5 46. Rad7+ Ke4 47. Rd4+ Kf5 48. Rxe5+ Kxe5 49. Kc4 +- Rxg2 ( 49. ... 
Rc6+ 50. Kb5 Rxc3 51. Rh4 Kd6 52. Rxh5 {bude také prohrané.} ) 50. Rd5+ 
Ke6 51. Rxh5 Rg6 52. Rh7 Kd6 53. Kb5 Kd5 54. Rb7 Rg8 55. c4+ Kd6 56. Kxb6 
{Dva pÄ›Å¡ci, pokud nejsou na g5 a h4, vÄ›tÅ¡inou staÄ�í.} 1-0

[Event "41st Olympiad Tromso 2014 women"]
[Site "TromsÅ™"]
[Date "2014.08.14"]
[Round "11"]
[White "Olsarova, Tereza"]
[Black "Dauletova, Gulmira"]
[Result "0-1"]
[WhiteElo "2271"]
[BlackElo "2252"]
[EventDate "2014.??.??"]
[PlyCount "90"]
[EventCountry "NOR"]
[WhiteTeam "Tschechien"]
[BlackTeam "Kasachstan"]
[WhiteTeamCountry "CZE"]
[BlackTeamCountry "KAZ"]

1. e4 c5 2. Nf3 e6 3. d4 cxd4 4. Nxd4 a6 5. Nc3 d6 6. f4 Nd7 7. Bd3 Ngf6 
8. Qe2 Nc5 9. Be3 b5 10. b4 Nxd3+ 11. cxd3 Bb7 12. O-O Be7 13. Rac1 O-O 
14. Nb3 Rc8 15. a4 d5 16. e5 Nd7 17. axb5 Bxb4 18. Bd4 Nc5 19. Nd2 Qe7 20.
 Rb1 Nd7 21. Na2 Ba3 22. Nf3 axb5 {Po urÄ�itém manévrování a vymlácení 
dámského kÅ™ídla by se mohlo zdát, Å¾e vÅ¡e spÄ›je ke klidnému 
vyústÄ›ní, leÄ�...} 23. g4? {Hurá! Ale Å¡ach je bohuÅ¾el nÄ›kdy sprostá 
matematika.} ( 23. Rxb5 Bc6 24. Rbb1 {je naprosto normální pozice.} ) 
23. ... Bc6 24. f5 exf5 25. gxf5 f6 26. e6 Nb8 {ÄŒerná zastavila útok sice
dost dÅ™evorubeckým zpÅ¯sobem, ale zablokovala jej, a není vidÄ›t, jak 
dále. Zato ona má pÄ›Å¡ce více.} 27. Nc3 b4 28. Nd1 Na6?! ( 28. ... Ba4 {
by vyÅ™eÅ¡ilo následující dlouhou pouÅ¥ bÄ›lopolného stÅ™elce} ) 29. Nh4 
Be8 30. Ne3 Nc7 31. Qf3 Rd8 32. Nc2 {Jednou sem, jednou tam... OvÅ¡em i 
Ä�erná se do pozice zamotá.} 32. ... Nb5 33. Qe3 Rc8 34. Rf2 Bh5?! 35. Ng2
Rfd8 36. Nf4 Bg4?! 37. Ng2? {Nazad - vsegda plocho!} ( 37. Bb6! d4 38. Qg3
Bxf5 39. Bxd8 Rxd8 {Bílá snad i stojí lépe - tak dlouho se Ä�erná motala 
bÄ›lopolným stÅ™elcem.} ) 37. ... Bxf5 -+ {Druhý pÄ›Å¡ec a pozice, 
Å¡mitec.} 38. Re1 Bg6 39. Nf4 b3 40. Nxa3 Nxa3 41. Bb6 Re8 42. Qg3 Qb4 43.
 Qe3 b2 44. Nxd5 Qxe1+ 45. Qxe1 b1=Q 0-1

[Event "41st Olympiad Tromso 2014 women"]
[Site "TromsÅ™"]
[Date "2014.08.14"]
[Round "11"]
[White "Olsarova, Karolina"]
[Black "Saduakassova, Dinara"]
[Result "0-1"]
[WhiteElo "2237"]
[BlackElo "2375"]
[EventDate "2014.??.??"]
[PlyCount "118"]
[EventCountry "NOR"]
[WhiteTeam "Tschechien"]
[BlackTeam "Kasachstan"]
[WhiteTeamCountry "CZE"]
[BlackTeamCountry "KAZ"]

1. e4 c5 2. d3 Nc6 3. g3 d5 4. Nd2 Nf6 5. Bg2 Bg4 6. f3 Bd7 7. Nh3 e5 8. 
c3 Be7 9. Nf2 Qc7 10. Nf1 O-O-O 11. Qe2 h5 12. h4 Be6 13. Bh3 Qd7 14. Bd2 
g6 15. O-O-O Ne8 16. Bxe6 Qxe6 17. Kb1 Nc7 18. Nh2 Kb8 19. Rhe1 Ka8 20. f4
dxe4 21. dxe4 exf4 22. Bxf4 Qc8 23. Nd3 Ne6 24. Be3 Qc7 25. Nf4 Nxf4 26. 
Bxf4 Qc8 27. Qc4 Rxd1+ 28. Rxd1 Rd8 {Po originálnÄ› sehraném zahájení 
vznikla tato nestandardní pozice, bílá má moÅ¾ná trochu aktivnÄ›jÅ¡í 
figurky, ale seÄ�teno podtrÅ¾eno jí to vyrovnává horÅ¡í pÄ›Å¡cová 
struktura. NicménÄ› bÄ›hem následujících nÄ›kolika tahÅ¯ Karolína 
absolutnÄ› splave, ztratí koordinaci a brzy i partii...} 29. Rd5?! ( 29. 
Rxd8 Nxd8 30. Kc2 Qh3 31. Nf3 {je naprosto v pohodÄ›, vÅ¡echny bílé figury
stojí dobÅ™e.} ) 29. ... Qh3 30. Nf1 a6 31. Rxd8+ ( 31. Kc2! += ) 31. ... 
Nxd8 32. a4 ( 32. Qe2 ) 32. ... Ne6 33. Be3 Qg4 34. Qd3 Qf3 35. Kc2 Bd8 
36. Bc1 Qf2+ 37. Kb1 Bc7 =+ {Jaká promÄ›na za pouhých 10 tahÅ¯!} 38. Ka2 
Qe1 39. Bh6 Qf2 40. Bd2 Kb8 41. Kb1? ( 41. Kb3 Be5 42. Bc1 Qg2 43. Bd2 Bc7
44. Be1 ) 41. ... Kc8? ( 41. ... c4 -/+ 42. Qxc4 Bxg3 43. Nxg3 Qxd2 44. 
Qf1 -/+ Nf4 ) 42. Kc2 Nd8 43. Qc4 Ne6 44. Qd3 Nf8 45. Kd1 Nd7 46. Qc4? ( 
46. b3 -/+ {neztrácí pÄ›Å¡ce, ale i tak je bílá pozice na pováÅ¾enou} ) 
46. ... Nb6 -+ {London Bridge is falling down...} 47. Qd3 c4 48. Qe2 Qxe2+
49. Kxe2 Nxa4 50. Bc1 Nc5 51. Ke3 b5 52. Bd2 Kd7 53. Kd4 Nd3 54. Kd5 Nxb2 
55. Bc1 Na4 56. Bd2 Ba5 57. Kd4 Ke6 58. e5 Bb6+ 59. Ke4 Nc5+ 0-1